LEADER 00871naa a2200217 u 4500 001 000000094054 003 CaOOAMICUS 005 20070226130136.0 008 010725m19891992fr u000 u eng u 035 $a10898542 040 $aPUL(R)$bita 100 1 $aMosconi, Franco.$0(OLS)http://pul/name/26690 245 10$aExceptions to the operation of choice of law rulers /$cby Franco Mosconi. 260 $a[S. l. :$bs. n.],$c1989-1992. 300 $aP. [1-214] 504 $aBibliografia in nota. 650 4$aDiritto internazionale.$0(OLS)http://pul/subject/2505 773 0 $tRecueil des cours$gv.V (1989) 773 0 $tRecueil des cours 1989 : collected courses of The Hague Academy of International Law$w()60529 996 $6245$aExceptions to the operation of choice of law rulers$9(OLS)http://pul/title/120910 996 $6260$a[S. l. :$bs. n.]$9(OLS)http://pul/publisher/47882 LEADER 01810nam a2200301 u 4500 001 000000109489 003 CaOOAMICUS 005 20080206105944.0 008 080206s1913 it u000 u grc u 040 $aPUL(R)$bita$dBc 041 0 $agrc$aita 100 0 $aHomerus,$dsec. VIII a.C.$0(OLS)http://pul/name/7026 240 10$aOdyssea$lGreco.$0(OLS)http://pul/title/137724 245 13$aIl libro VIII dell'Odissea /$cOmero ; con note italiane del prof. Salvatore Rossi. 260 $aLivorno :$bRaffaello Giusti,$c1913. 300 $avi, 40 p. ;$c19 cm. 501 $aSta con: Il libro I dell'Odissea / Omero ; con note italiane del prof. Salvatore Rossi -- Il libro II dell'Odissea / Omero ; con note italiane del prof. Gaetano Gigli -- Il libro III dell'Odissea / Omero ; con note italiane del prof. Salvatore Rossi -- Il libro IV dell'Odissea / Omero ; con note italiane del prof. Gaetano Gigli -- Il libro V dell'Odissea / Omero ; con note italiane del prof. Salvatore Rossi -- Il libro VI dell'Odissea / Omero ; con note italiane del prof. Salvatore Rossi -- Il libro VII dell'Odissea / Omero ; con note italiane del prof. Salvatore Rossi . 700 1 $aRossi, Salvatore.$0(OLS)http://pul/name/37404 700 0 $aHomerus,$dsec. VIII a.C.$tOdyssea.$0(OLS)http://pul/nameTitle/271$0(OLS)http://pul/name/7026$0(OLS)http://pul/title/132000 850 $aPUL 852 $aPUL$W1$xDP1 Cons. Gen., Altre Classi 1$y22$m242 C 14.int.8$j125213$aLibro VIII$qStampati$B123943$CPULBib$Z2$F123943 $82 900 $aHomer$97026 900 $aOmero$dsec. VIII a.C.$97026 900 $aHomer$97026 900 $aOmero$dsec. VIII a.C.$97026 941 1 $a8 996 $6245$aIl libro VIII dell'Odissea$9(OLS)http://pul/title/118195 996 $6260$aLivorno :$bRaffaello Giusti$9(OLS)http://pul/publisher/72290